000 00391nam a2200181Ia 4500
001 15352
005 20260306170149.0
008 260306t2008||||xx |||||||||||||| ||und||
041 _aESP
082 _a532
_bW54
100 _aWhite, Frank M.
_eAUT
245 0 _aMecánica de fluidos
260 _c2008
300 _a
_c
650 _aGEN
654 _aCCN
942 _cLIB
_dJUS
_fJUS
_2ddc
_n
999 _c15352
_d15352